Przystanki linii 28 w MZK Starogard Gdański - Statystyki

Ogólne statystyki
  • Ten quiz został rozwiązany 10 razy
  • Średni wynik to 8 z 12
Statystyki odpowiedzi
lp. przystanki % Poprawnych
12 Rynek
100%
3 Hallera
88%
6 Kościuszki-Starostwo
88%
2 Gdańska-Nadleśnictwo
75%
4 Hillar
75%
5 Kocborowo
75%
7 Kryzana
75%
1 Cmentarz Łapiszewo
63%
10 Okole Skrzyżowanie
63%
11 PKP
63%
8 Łapiszewo
50%
9 Liniowiec Aq
25%
Nie znaleziono quizów pasujących do podanych kryteriów
Rozkład punktacji
Procent ludzi z każdym wynikiem
Percentyl według liczby udzielonych odpowiedzi
Twoja historia wyników
Nie rozwiązałeś tego quizu